MDQL
is popping MORE tags! Check the
thread
!
Quizzes
Events
Quiz Creation
Community
Videos
Private Events
Remove Ads
Sign In
Join for FREE
Feedback
Dark Mode
Quiz Categories
Sports
Geography
Music
Movies
Television
Just For Fun
Miscellaneous
History
Literature
Language
Science
Gaming
Entertainment
Religion
Holiday
For Kids
Quiz Lab
Recent
Popular Today
Quiz Kudos Today
Editor Picks
Curator Picks
Quizzes by...
Day
Popularity
Type
Ratings
Length
Year
Community
Subscriptions
Recent Discussions
Orange Saloon
Badges
Playlists
Quests
Create
Leaderboards
Showdown
Live 5
Trivia Bingo
Activity
Puzzle Library
Sporcle Events
Private Events
Virtual Trivia
Globe League
Become a Host
Pub Owners
SporcleCon
Opinionation
Our Games
Videos
Blog
Mobile Apps
Partnerships
Remove Ads and Go Orange
Feedback
Music
Pop Music
The Beatles
Song
Album
Lyrics
Bands
Singers
Artist
Clip
Rock
Rap
Classical
Billboard
Country Music
Kpop
Taylor Swift
Music
Pop Music
The Beatles
Song
Album
Lyrics
Bands
Singers
Artist
Clip
Rock
Rap
Classical
Billboard
Country Music
Kpop
Taylor Swift
Random Quiz
Search Sporcle
×
Quiz Lab
Quiz Lab
Music
Musical
Type in answers that appear in a list
Type in answers that appear in a list
Classic
Best Score? Go Orange.
Lyrics 'You've Got to be Carefully Taught' Stats
Can you name the Lyrics of 'You've Got to be Carefully Taught' from South Pacific?
By
aurora_borealis
10m
94 Questions
124 Plays
124 Plays
124 Plays
Comments
Comments
Give Quiz Kudos
Give Quiz Kudos
-
- Ratings
hide this ad
Replay
Link that replays current quiz
Next Quiz
Link to next quiz in quiz playlist
You Got
0%
They Got
Avg Score
92%
Avg Friend Score
Upgrade to see
Score Distribution
Jump to the score distribution portion of the page
Score
0/94
Timer
10:00
0
Plays Today
% Correct
You've
100%
got
100%
to
100%
be
100%
taught
100%
To
100%
You've
100%
got
100%
to
100%
be
100%
taught
100%
to
100%
got
100%
to
100%
be
100%
You've
100%
got
100%
to
100%
be
100%
taught.
100%
You've
100%
got
100%
to
100%
be
100%
taught
100%
to
100%
be
100%
To
100%
to
100%
You've
100%
got
100%
got
100%
% Correct
to
100%
be
100%
taught.
100%
You've
100%
you
100%
be
100%
taught
100%
to
100%
You've
100%
got
100%
be
100%
taught!
100%
carefully
98.4%
carefully
98.4%
carefully
98.4%
a
97.6%
hate
96%
hate
96%
hate,
96%
and
95.2%
And
95.2%
the
94.4%
your
93.5%
your
93.5%
people
91.1%
are
91.1%
are
91.1%
people
91.1%
people
91.1%
fear,
87.9%
is
87.1%
It's
86.3%
% Correct
In
86.3%
Of
86.3%
it's
86.3%
or
86.3%
or
86.3%
all
85.5%
afraid
84.7%
too
83.9%
From
83.1%
ear
83.1%
whose
83.1%
whose
83.1%
skin
83.1%
little
81.5%
before
81.5%
Before
81.5%
eyes
80.6%
made,
80.6%
shade,
80.6%
late,
80.6%
eight,
80.6%
seven
80.6%
six
79.8%
dear
79%
diff'rent
79%
relatives
79%
year
78.2%
year,
78.2%
drummed
75.8%
oddly
66.1%
Quiz Playlist
Details
Report
Send in Message
Add To Playlist
Classic:
Type in answers that appear in a list
Last Updated: Feb 16, 2017
Quiz Scoreboard
CHALLENGE
Sign Up to Join the Scoreboard
Show All
Scores
Hide
Comments
May contain spoilers
Recently Published
Street Fighter Characters
by Artimus82
Gaming
60s
9x9 Crossword: Cartoon Network
by jackfrog10
Miscellaneous
3m
College Basketball Coaching Resumes
by pancakes188
Sports
9m
More to Explore
Quiz From the Vault
Featured Blog Post
Where Did the Easter Bunny Come From?
hide this ad
You Might Also Like...
Tags
Lyrics Quiz
Musical Quiz
Broadway Musicals
Movie Musicals
Musical Songs
Musical Theater
South Pacific
Today's Top Quizzes in Music
Browse Music
hide this ad
Today's Top Quizzes in Musical
Browse Musical
Top Contributed Quizzes in Music
1
Taylor Swift All Songs (2024)
2
Taylor Swift Logic Puzzle
3
Guess the Artist- 70s Songs
4
7-to-1: Billboard Hot 100 #1 Hits of 2010s
5
Sorting Albums and Songs
6
KPOP LOGIC QUIZ
7
Guess the Taylor Swift song (Mystery Song)
8
Guess The Taylor Swift Lyrics Song #1
9
Billboard Blitz: ABBA
10
Billboard Blitz: The Beatles
Explore More
Trending Topics
NBA
Crossword
Harry Potter
Disney
Marvel
Kpop
Anime
Pokémon
Puzzle
Song
Country
Soccer
The Office
WWE
NFL
hide this ad
More By:
aurora_borealis
Quiz
Plays
Rating
Category
Featured
Created
Lyrics 'You've Got to be Carefully Taught'
124
Music
Apr 27, 2016
Go to Creator's Profile
Score Distribution
Quiz Creator Spotlight
aurora_borealis
Follow
Send a Message
Quizzes Created
-
Created Quiz Play Count
-
More By This Creator
Popular Quizzes Today
1
Find the US States - No Outlines Minefield
2
Find the Countries of Europe - No Outlines Minefield
3
The Countries of the World
4
Find the US States
5
Risky Map Clicking: Biggest States A-Z
6
US States
7
Popular People in 1961
8
Movies - When Are They Set?
More Music Quizzes
Finish the Band
Published
Trending Quizzes
Risky Map Clicking: Least Populous States A-Z
Countries of the World: 200 Million BC
1-10 Letter G Words
Risky Map Clicking: Next State Alphabetically
Adjectives in 80s TV Shows
Recently Updated
Leaping Animals
pecheneg
Reality TV Shows (A-Z)
bhenderson79
Rickey Henderson's Hall of Fame Teammates
pecheneg
Champions League XIs: Arsenal
pecheneg
Quick Pick: Celebrities in WWE's Hall of Fame
aduchscher
A-Z Keypad Blitz II
pecheneg
Multiple Oscar Actors
pecheneg
Mystery Phrase Blitz: Oscar 'Best Actors'
pecheneg
F. Scott Fitzgerald Novels
LTH
Pick 3 Villains
ddd62291
Trending Topics
Harry Potter
Crossword
Anime
NBA
Marvel
Disney
Kpop
Puzzle
NFL
Pokémon
Song
Soccer
WWE
Country
The Office
Your Account Isn't Verified!
In order to create a playlist on Sporcle, you need to verify the email address you used during registration. Go to your
Sporcle Settings
to finish the process.
Report this User
Report this user for behavior that violates our
Community Guidelines
.
Details:
Send Report
Go to the Sporcle.com Mobile Site →
Comments